PHARMACEUTICAL MARKETING MANAG4MENT (Record no. 26908)

MARC details
000 -LEADER
fixed length control field 00394nam a22001577a 4500
003 - CONTROL NUMBER IDENTIFIER
control field SGT
020 ## - INTERNATIONAL STANDARD BOOK NUMBER
International Standard Book Number 9789395039710
082 ## - DEWEY DECIMAL CLASSIFICATION NUMBER
Classification number 615.106P24K
100 ## - MAIN ENTRY--PERSONAL NAME
Personal name KUMAR, BHAVNA
245 ## - TITLE STATEMENT
Title PHARMACEUTICAL MARKETING MANAG4MENT
260 ## - PUBLICATION, DISTRIBUTION, ETC. (IMPRINT)
Place of publication, distribution, etc HYDERABAD
Name of publisher, distributor, etc PHARMA MED PRESS
Year of Publication 20 21
300 ## - PAGE DESCRIPTION
No. of Pages 201
650 ## - SUBJECT ADDED ENTRY--TOPICAL TERM
Topical term or geographic name as entry element PHARMACY MANAGEMENT
653 ## - KEYWORDS--INDEX TERM
Keyword term PHARMASUTICS, MARKETING, MANAGEMENT
942 ## - ADDED ENTRY ELEMENTS (KOHA)
Source of classification or shelving scheme Dewey Decimal Classification
Koha item type Books
Holdings
Withdrawn status Lost status Source of classification or shelving scheme Damaged status Not for loan Collection code Home library Current library Shelving location Date acquired Vendor Name Cost, normal purchase price SGTU Bill Number Total Checkouts Full call number Accession No. (Barcode) Date last seen Bill Date Koha item type
    Dewey Decimal Classification     PHARMACY SGT FA-FP Library SGT FA-FP Library Text Book 21/09/2024 AHUJA PUB. 295.00 SGTU 19381   615.106P24K FP4872 21/09/2024 13/08/2024 Books
    Dewey Decimal Classification     PHARMACY SGT FA-FP Library SGT FA-FP Library Text Book 21/09/2024 AHUJA PUB. 295.00 SGTU 19381   615.106P24K FP4873 21/09/2024 13/08/2024 Books